| 000 | 00760nac a22002171u 4500 | ||
|---|---|---|---|
| 020 | _a9781859649244 | ||
| 082 |
_a371.30281 _bM2832 |
||
| 090 |
_c4843 _d4843 |
||
| 100 | _aManning, Anthony | ||
| 245 |
_aResearch & Referencing/ _cAnthony Manning & Andrew O'cean with Jane Brooks _nModule10 _pCourse book |
||
| 260 |
_aLondon: _bGarnet pub.,2007 _c2007 |
||
| 300 |
_a38 p.: _bill.; _c23 cm. |
||
| 440 | _auniversity foundation study | ||
| 650 | _aTest-taking skills | ||
| 650 | _aStudy skills | ||
| 650 | _aLife skills | ||
| 700 | _aO'cean,Andrew | ||
| 700 | _aBrooks, Jane | ||
| 942 |
_cNB _k371.30281M2832 |
||
| 999 |
_c4843 _d4843 |
||